000 01013cam a22002894a 4500
999 _c531844
_d531844
001 4995717
003 NUST
005 20191029153354.0
008 990504s1999 maua b 001 0 eng
010 _a 99031142
020 _a0632040262
038 _aMSOHAIL
040 _aDLC
_cDLC
_dDLC
042 _apcc
050 0 0 _aTH215
_b.S77 1999
082 0 0 _a624.0684
_221
245 0 0 _aStrategic management of IT in construction /
_cedited by Martin Betts.
246 1 4 _aStrategic management of I.T. in construction
260 _aMalden, MA :
_bBlackwell Science,
_c1999.
300 _axx, 406 p. :
_bill. ;
_c25 cm.
504 _aIncludes bibliographical references (p. [389]-401) and index.
650 0 _aConstruction industry
_xCommunication systems.
_924952
650 0 _aInformation technology.
_9327
906 _a7
_bcbc
_corignew
_d1
_eocip
_f19
_gy-gencatlg
942 _2ddc
_cBK